Harnessing co-operative efforts for tribals in mineral sector of Rajasthan (Record no. 14730)
[ view plain ]
| 000 -LEADER | |
|---|---|
| fixed length control field | 00668nam a2200193Ia 4500 |
| 082 ## - DEWEY DECIMAL CLASSIFICATION NUMBER | |
| Classification number | RV.0097 |
| 100 ## - MAIN ENTRY--AUTHOR NAME | |
| Personal name | Vaish, Prerana |
| 245 #0 - TITLE STATEMENT | |
| Title | Harnessing co-operative efforts for tribals in mineral sector of Rajasthan |
| Sub Title | : |
| 260 ## - PUBLICATION, DISTRIBUTION, ETC. (IMPRINT) | |
| Year of publication | 1998 |
| Name of publisher | ICSSR, New Delhi |
| 300 ## - PHYSICAL DESCRIPTION | |
| Number of Pages | 42p. |
| 650 ## - SUBJECT ADDED ENTRY--TOPICAL TERM | |
| Topical Term | MINERALS//MINES AND MINERAL RESOURCES |
| 650 ## - SUBJECT ADDED ENTRY--TOPICAL TERM | |
| Topical Term | TRIBES AND TRIBALS - RAJASTHAN |
| 650 ## - SUBJECT ADDED ENTRY--TOPICAL TERM | |
| Topical Term | COOPERATION - RAJASTHAN |
| 650 ## - SUBJECT ADDED ENTRY--TOPICAL TERM | |
| Topical Term | MINES AND MINERAL RESOURCES - RAJASTHAN |
| 650 ## - SUBJECT ADDED ENTRY--TOPICAL TERM | |
| Topical Term | MINERAL RESOURCES//MINES AND MINERAL RESOURCES |
| 650 ## - SUBJECT ADDED ENTRY--TOPICAL TERM | |
| Topical Term | SOCIETY, PRIMITIVE///TRIBES AND TRIBALS |
| 650 ## - SUBJECT ADDED ENTRY--TOPICAL TERM | |
| Topical Term | NATURAL RESOURCES///MINES AND MINERAL RESOURCES |
| 942 ## - ADDED ENTRY ELEMENTS (KOHA) | |
| Koha item type | Research Reports |
| Source of classification or shelving scheme | Dewey Decimal Classification |
| Withdrawn status | Lost status | Damaged status | Not for loan | Home library | Current library | Date acquired | Bill Date | Full call number | Accession Number | Price effective from | Koha item type |
|---|---|---|---|---|---|---|---|---|---|---|---|
| NASSDOC Library | NASSDOC Library | 08/10/2004 | 2004-10-05 | RV.0097 | 36857 | 18/04/2019 | Research Reports | ||||
| NASSDOC Library | NASSDOC Library | 08/10/2004 | 2004-10-05 | RV.0097 | 36858 | 18/04/2019 | Books |
